000 00299nam a22001337a 4500
008 170714b xxu||||| |||| 00| 0 eng d
020 _a076783005990
041 _aeng
080 _a038
100 _a24
101 _aFJA
245 _aLATIN ENGLISH DICTIONARY
_cTRAUPMAN.J.C
942 _2udc
_cBK
999 _c20970
_d20970